000 00413nam a22001697a 4500
005 20240124150551.0
008 190405b xxu||||| |||| 00| 0 eng d
020 _a978-93-88194-14-3
041 _aeng
100 _aDAS, DR.KUNTAL,
245 _aA TEXTBOOK OF PHARMACEUTICAL MICROBIOLOGY
250 _a2nd ,2019
260 _apune
_bNIRALI PRAKASHAN
300 _aR.1 p,
650 _apharmacy
942 _cBK
999 _c5807
_d5805